Educación de adultos en Cuba
Guardado en:
| Autor principal: | |
|---|---|
| Formato: | Texto |
| Publicado: |
La Habana:
Cuba. Ministerio de Educación
|
| Etiquetas: |
Agregar Etiqueta
Sin Etiquetas, Sea el primero en etiquetar este registro!
|
MARC
| LEADER | 00000 a a2200000 04500 | ||
|---|---|---|---|
| 001 | 18957 | ||
| 003 | |||
| 040 | |||
| 090 | |a 016500 | ||
| 100 | |a Ferrer Pérez, Raúl | ||
| 245 | |a Educación de adultos en Cuba | ||
| 260 | |a La Habana: |b Cuba. Ministerio de Educación | ||
| 300 | |a 139 p. | ||
| 999 | |c 11034 |d 11034 | ||
